00238nam a2200109Ia 4500003000400000005001700004008004100021020001900062040000900081100001500090245002300105OSt20240313104000.0170524s9999 xx 000 0 und d a978-8174463456 cIIMT aGUPTA- S.L 0aMARKETING RESEARCH